Academic writing: exploring processes and strategies
Uloženo v:
| Hlavní autor: | |
|---|---|
| Médium: | Kniha |
| Jazyk: | angličtina |
| Vydáno: |
Cambridge
Cambridge University Press
1995
|
| Vydání: | 2a. ed |
| Témata: | |
| Tagy: |
Přidat tag
Žádné tagy, Buďte první, kdo vytvoří štítek k tomuto záznamu!
|
MARC
| LEADER | 00000cam a2200000 a 4500 | ||
|---|---|---|---|
| 001 | UCF9759 | ||
| 003 | CL-VaPUC | ||
| 008 | 131213e19950000uk |||||||||||||||||eng|d | ||
| 020 | |a 9780521657686 | ||
| 082 | 0 | 4 | |a 808.042 |b LEK |2 21 |
| 100 | 0 | |a Leki, Ilona |e author |9 572156 | |
| 245 | 1 | 0 | |a Academic writing: exploring processes and strategies |
| 250 | |a 2a. ed | ||
| 300 | |a 433 p | ||
| 942 | |c BK | ||
| 945 | |d 20131213 11:12:00 |a dcastane | ||
| 260 | |a Cambridge |b Cambridge University Press |c 1995 | ||
| 650 | 0 | |a Lengua inglesa |9 318842 | |
| 650 | 0 | |a Retórica |9 266620 | |
| 650 | 0 | |a Escritos académicos |9 542316 | |
| 583 | |a last modification |c 20131213 11:12:00 |k Rodrigo Vera | ||
| 999 | |c 354170 |d 354168 | ||
| 952 | |0 0 |1 0 |3 erb |4 0 |6 808_042000000000000_LEK_1995 |7 0 |8 A |9 459834 |a BIBEDU |b BIBEDU |i 5035155 |o 808.042 LEK 1995 |p 5035155 |r 2019-11-23 |w 2019-11-23 |y BK |z Catalogado en:20131213 |k LIT | ||